Decision making in oral and maxillofacial surgery / (Record no. 23733)
[ view plain ]
| 000 -LEADER | |
|---|---|
| fixed length control field | 01284cam a22002895a 4500 |
| 001 - CONTROL NUMBER | |
| control field | ocm78072070 |
| 003 - CONTROL NUMBER IDENTIFIER | |
| control field | OSt |
| 005 - DATE AND TIME OF LATEST TRANSACTION | |
| control field | 20201203143857.0 |
| 008 - FIXED-LENGTH DATA ELEMENTS--GENERAL INFORMATION | |
| fixed length control field | 070110t2007 ilua frb 001 0 eng d |
| 020 ## - INTERNATIONAL STANDARD BOOK NUMBER | |
| International Standard Book Number | 9780867154634 |
| 020 ## - INTERNATIONAL STANDARD BOOK NUMBER | |
| International Standard Book Number | 0867154632 |
| 040 ## - CATALOGING SOURCE | |
| Original cataloging agency | DNLM/DLC |
| Transcribing agency | DLC |
| Modifying agency | BTCTA |
| -- | NLM |
| -- | EG-ScBUE |
| Language of cataloging | eng |
| 082 04 - DEWEY DECIMAL CLASSIFICATION NUMBER | |
| Classification number | 617.605 |
| Item number | DEC |
| Edition number | 22 |
| 245 00 - TITLE STATEMENT | |
| Title | Decision making in oral and maxillofacial surgery / |
| Statement of responsibility, etc | edited by Daniel M. Laskin, A. Omar Abubaker. |
| 260 ## - PUBLICATION, DISTRIBUTION, ETC. (IMPRINT) | |
| Place of publication, distribution, etc | Chicago : |
| Name of publisher, distributor, etc | Quintessence Publishing Co., |
| Date of publication, distribution, etc | c.2007. |
| 300 ## - PHYSICAL DESCRIPTION | |
| Extent | xi, 267 p. : |
| Other physical details | ill ; |
| Dimensions | 21 x 30 cm. |
| 504 ## - BIBLIOGRAPHY, ETC. NOTE | |
| Bibliography, etc | Includes bibliographical references and index. |
| 505 0# - FORMATTED CONTENTS NOTE | |
| Formatted contents note | Dentoalveolar pathology -- Cysts -- Tumors and other lesions -- Trauma -- Dentofacial deformities -- Bone infection and necrosis -- Maxillary sinus pathology -- TMDs and orofacial pain -- Salivary gland pathology -- Maxillofacial reconstruction -- Sleep disorders -- Cleft lip and palate -- Diagnostic decision making -- General considerations. |
| 650 #7 - SUBJECT ADDED ENTRY--TOPICAL TERM | |
| Topical term or geographic name as entry element | Mouth |
| General subdivision | Surgery. |
| Source of heading or term | BUEsh |
| 9 (RLIN) | 36856 |
| 650 #7 - SUBJECT ADDED ENTRY--TOPICAL TERM | |
| Topical term or geographic name as entry element | Maxilla |
| General subdivision | Surgery. |
| Source of heading or term | BUEsh |
| 9 (RLIN) | 35959 |
| 650 #7 - SUBJECT ADDED ENTRY--TOPICAL TERM | |
| Topical term or geographic name as entry element | Decision making. |
| Source of heading or term | BUEsh |
| 9 (RLIN) | 12112 |
| 651 ## - SUBJECT ADDED ENTRY--GEOGRAPHIC NAME | |
| Source of heading or term | BUEsh |
| 653 ## - INDEX TERM--UNCONTROLLED | |
| Arrived date list | December2016 |
| 700 1# - ADDED ENTRY--PERSONAL NAME | |
| Personal name | Laskin, Daniel M., |
| Dates associated with a name | 1924- |
| Relator term | editor. |
| 700 1# - ADDED ENTRY--PERSONAL NAME | |
| Personal name | Abubaker, A. Omar, |
| Relator term | editor. |
| 942 ## - ADDED ENTRY ELEMENTS (KOHA) | |
| Source of classification or shelving scheme | Dewey Decimal Classification |
| Withdrawn status | Item status | Source of classification or shelving scheme | Damaged status | Not for loan | Vendor | Home library | Current library | Shelving location | Date acquired | Source of acquisition | Cost, normal purchase price | Serial Enumeration / chronology | Total Checkouts | Total Renewals | Full call number | Barcode | Date last seen | Date last borrowed | Cost, replacement price | Koha item type |
|---|---|---|---|---|---|---|---|---|---|---|---|---|---|---|---|---|---|---|---|---|
| Dewey Decimal Classification | Scientific home BookShop | Central Library | Central Library | First floor | 25/12/2016 | Purchase | 1200.00 | 2689 | 2 | 1 | 617.605 DEC | 000040641 | 15/07/2025 | 18/02/2018 | 1500.00 | Book - Borrowing |